Alles mit I (mit Hinweisen) - Statistiken

Allgemein
  • Dieses Quiz wurde 139 mal gespielt
  • Das Durchschnittsergebnis liegt bei 29 aus 40
Antwortstatistiken
Kategorie Hinweis Antwort % Korrekt
Länder Europa Irland
98%
Sonstiges Schwedisches Möbelhaus Ikea
97%
Länder Europa Island
97%
Pflanzen & Tiere Kleines stacheliges Säugetier Igel
96%
Sonstiges Bienenzüchter Imker
96%
Länder Asien Indien
96%
Länder Asien Indonesien
96%
Geografisches Allerlei Einer der fünf Weltmeere Indischer Ozean
95%
Essen & Trinken Scharfe Wurzelknolle Ingwer
94%
Weitere Städte Großstadt in Bayern Ingolstadt
91%
Länder Europa Italien
91%
Weitere Städte Großstadt in Österreich Innsbruck
88%
Sonstiges Soziales Netzwerk Instagram
88%
Länder Asien Irak
88%
Länder Asien Iran
88%
Weitere Städte Millionenstadt in der Türkei Istanbul
88%
Geografisches Allerlei Fluss, fließt durch München Isar
87%
Essen & Trinken Dt. Marke für Tiefkühlkost Iglo
85%
Länder Asien Israel
81%
Geografisches Allerlei Baleareninsel Ibiza
80%
Berühmte Personen Deutscher Philosoph I{mmanuel} K{ant}
78%
Sonstiges Online sein, _______ haben Internet
74%
Berühmte Personen Britischer Physiker I{saac} N{ewton}
74%
Pflanzen & Tiere Marderart, Frettchen Iltis
72%
Hauptstädte Pakistan Islamabad
71%
Sonstiges Hersteller von Prozessoren Intel
61%
Sonstiges Chemisches Element "I" Iod
61%
Berühmte Personen Moderiert "Bauer sucht Frau" I{nka} B{ause}
55%
Berühmte Personen Tagesthemen-Moderator I{ngo} Z{amperoni}
53%
Geografisches Allerlei Nebenfluss der Donau Iller
52%
Berühmte Personen Ehem. spanischer Torwart I{ker} C{asillas}
51%
Berühmte Personen Dt. Ballermann-Sänger I{kke} H{üftgold}
50%
Geografisches Allerlei Strom in Indien/Pakistan Indus
46%
Essen & Trinken Schwein aus Spanien/Portugal Iberico
45%
Pflanzen & Tiere Am Wasser lebender Vogel Ibis
43%
Geografisches Allerlei Meer zwischen Irland u. GB Irische See
43%
Sonstiges Stellenbörse Indeed
42%
Essen & Trinken Yum Yum Instantnudeln
34%
Geografisches Allerlei Teil des Mittelmeers Ionisches Meer
34%
Berühmte Personen Darsteller von Young Sheldon I{ain} A{rmitage}
4%
Keine übereinstimmenden Quizze gefunden
Verteilung der Resultate
Anzahl Personen mit jedem Resultat
Perzentil nach korrekt beantworteten Fragen
Ihre Resultats-Entwicklung
Sie haben dieses Quiz noch nicht gespielt